000 01621nam a2200385 i 4500
001 000020938
003 DO-SdBNP
005 20250929110551.0
007 ta
008 100824s1992 dr ac 000 0bspa d
040 _aDO-SdBNP
_bspa
_cBNPHU
_erda
041 _aspa
082 4 _a923.57293
_bG633s 1992
_222
100 1 _aSouza, Benigno,
_eautor
_4aut.
_943866
245 1 0 _aMáximo Gómez :
_bel generalísimo /
_cBenigno Souza.
250 _aSegunda edición universitaria
264 4 _aSanto Domingo :
_bEditora Universitaria-UASD,
_c©1992.
300 _aviii, 357, [17] páginas :
_bilustraciones, retratos ;
_c22 cm.
336 _atexto
_btxt
_2rdacontent
337 _asin mediación
_bn
_2rdamedia
338 _avolumen
_bnc
_2rdacarrier
490 1 _aPublicaciones de la Universidad Autónoma de Santo Domingo
_v680
490 1 _aColección Historia y sociedad
_v68
500 _aIncluye referencias bibliográficas y notas al pie de las páginas
534 _pIncluye facsímil de la portada de la primera edición publicada en:
_cLa Habana: Editorial Trópico, 1936.
590 _aInventariado, 2019/BT
600 1 0 _aGómez, Máximo,
_d1836-1905
_912249
651 4 _aCuba
_xHistoria
_yGuerra de los diez años, 1868-1978
_943867
651 4 _aCuba
_xHistoria
_yGuerra de independencia, 1895-1898
_911019
710 1 _aUniversidad Autónoma de Santo Domingo
_972951
830 0 _aPublicaciones de la Universidad Autónoma de Santo Domingo
_v680
_pColección Historia y Sociedad
_n68
_952
830 0 _aHistoria y sociedad
_v68
_913749
910 _aValidado. Control de calidad MMOLINA
942 _2ddc
_cLBS1
999 _c20441
_d20441